[Event "Ribeirao Preto Mogiano 1st"]
[Site "Ribeirao Preto"]
[Date "2010.07.31"]
[Round "3.3"]
[White "Silva, Sergio"]
[Black "Ramos, Ricardo Guelerman P"]
[Result "1-0"]
[WhiteElo "2066"]
[BlackElo "1928"]
[PlyCount "65"]
[EventDate "2010.07.30"]
[EventType "tourn"]
[EventRounds "9"]
[EventCountry "BRA"]
[SourceTitle "EXT 2022"]
[Source "ChessBase"]
[SourceDate "2021.10.06"]
[SourceVersion "1"]
[SourceVersionDate "2021.10.06"]
[SourceQuality "1"]

1. d4 d5 2. Nf3 Nf6 3. Bg5 e6 4. Nbd2 Be7 5. e3 0-0 6. Bd3 Nbd7 7. c3 c5 8. Ne5 Nxe5 9. dxe5 Nd7 10. Bf4 Re8 11. h4 Nf8 12. Nf3 f5 13. g4 g6 14. gxf5 exf5 15. Qe2 h5 16. 0-0-0 Be6 17. Ng5 Qa5 18. Rdg1 Bxg5 19. Rxg5 Kf7 20. Rhg1 Rac8 21. Qxh5 Ke7 22. Qh8 Kd8 23. h5 Kc7 24. hxg6 Nxg6 25. Qh7+ Ne7 26. Rg7 Kb8 27. Rxe7 Rh8 28. Qg6 Rhg8 29. Rg7 Rxg7 30. Qxg7 Rg8 31. Qxg8+ Bxg8 32. Rxg8+ Kc7 33. e6+ 1-0

[Event "Ribeirao Preto Canarinho 1st U2200"]
[Site "Ribeirao Preto"]
[Date "2010.05.30"]
[Round "5.9"]
[White "Ramos, Ricardo Guelerman P"]
[Black "Takeda, Lucas Koji"]
[Result "1-0"]
[WhiteElo "1936"]
[BlackElo "1825"]
[PlyCount "79"]
[EventDate "2010.05.28"]
[EventType "swiss"]
[EventRounds "6"]
[EventCountry "BRA"]
[SourceTitle "EXT 2022"]
[Source "ChessBase"]
[SourceDate "2021.10.06"]
[SourceVersion "1"]
[SourceVersionDate "2021.10.06"]
[SourceQuality "1"]

1. c4 e6 2. g3 Nf6 3. Bg2 d5 4. Nf3 c6 5. b3 Be7 6. Bb2 Nbd7 7. 0-0 0-0 8. d4 b6 9. Qc2 Bb7 10. Nc3 Rc8 11. Rfd1 Bd6 12. e4 dxe4 13. Nxe4 Nxe4 14. Qxe4 Nf6 15. Qe2 Qe7 16. Ne5 Nd7 17. Nxd7 Qxd7 18. Qg4 f5 19. Qf3 Qe7 20. Re1 Qd7 21. Rad1 Rf7 22. Qd3 Rcf8 23. d5 exd5 24. cxd5 c5 25. Re6 Be7 26. Rde1 Bf6 27. Bxf6 Rxf6 28. Re7 Qc8 29. d6 Ba6 30. Qd5+ Kh8 31. Rc7 Qd8 32. Qe5 Qxd6 33. Qe7 Rg6 34. Rd7 Qf6 35. Qxf6 Rgxf6 36. Ree7 Rg6 37. Rf7 Re8 38. Rde7 Rd8 39. Bf3 Bd3 40. Rd7 1-0